[Event "Mistrzostwa Polski Juniorow Mlodszych do lat 12 - OOM Zachodniopomorskie 2023"]
[Site "Darlowek"]
[Date "1899-12-30"]
[Round "9.5"]
[White "Ochedzan, Filip"]
[Black "Witczak, Borys"]
[Result "1-0"]
[WhiteTitle "I"]
[BlackTitle "I"]
[WhiteElo "1856"]
[BlackElo "1874"]

1. e4 c6 2. d4 d5 3. Nc3 dxe4 4. Nxe4 Nf6 5. Nxf6+ exf6 6. c3 Bd6 7. Bd3 O-O 8.
Qc2 Re8+ 9. Ne2 h5 10. O-O h4 11. h3 Nd7 12. Nf4 Nf8 13. Qd1 Qc7 14. Qf3 g6 15.
Bd2 Kg7 16. Rfe1 Bd7 17. c4 Ne6 18. Nxe6+ Rxe6 19. Bc3 Rxe1+ 20. Rxe1 Rh8 21.
c5 Bf8 22. d5 Qd8 23. d6 Rh5 24. b4 Be6 25. Qf4 b6 26. Bd4 a5 27. a3 axb4 28.
axb4 bxc5 29. bxc5 Bf5 30. Be2 Rh7 31. Bg4 Bxg4 32. hxg4 h3 33. g5 Qd7 34. Bxf6+
Kg8 35. g3 h2+ 36. Kh1 Qa7 37. Qe3 Qa2 38. Rd1 Qc2 39. Qf3 Qxc5 40. d7 1-0

[Event "Mistrzostwa Polski Juniorow Mlodszych do lat 12 - OOM Zachodniopomorskie 2023"]
[Site "Darlowek"]
[Date "1899-12-30"]
[Round "9.6"]
[White "Pekala, Dawid"]
[Black "Smolinski, Wojciech"]
[Result "1/2-1/2"]
[WhiteTitle "I"]
[BlackTitle "II"]
[WhiteElo "1405"]
[BlackElo "1439"]

1. e4 c5 2. Nc3 d6 3. d4 cxd4 4. Qxd4 Nc6 5. Qd2 g6 6. b3 Bg7 7. Bb2 Nf6 8. O-O-O
O-O 9. Kb1 Be6 10. f3 a6 11. g4 Qc7 12. h4 Rfd8 13. Nd5 Bxd5 14. exd5 Ne5 15.
h5 a5 16. hxg6 hxg6 17. g5 Nh5 18. f4 Nd7 19. Bxg7 Kxg7 20. Qd4+ Kg8 21. Be2 Rac8
22. c4 Qb6 23. Qc3 Qb4 24. Qh3 Kg7 25. Bxh5 gxh5 26. f5 Ne5 27. f6+ exf6 28. gxf6+
Kxf6 29. Qh4+ Kg7 30. Qxh5 Rh8 31. Qg5+ Ng6 32. Ne2 Rxh1 33. Rxh1 Rxc4 34. Ng3
Rc8 35. Nf5+ Kf8 36. Rh8+ Nxh8 37. Qh6+ Ke8 38. Qe3+ Kf8 39. Qh6+ Ke8 1/2-1/2

[Event "Mistrzostwa Polski Juniorow Mlodszych do lat 12 - OOM Zachodniopomorskie 2023"]
[Site "Darlowek"]
[Date "1899-12-30"]
[Round "9.7"]
[White "Gorecki, Michal"]
[Black "Sakharchuk, Aliaksandr"]
[Result "1-0"]
[WhiteTitle "II"]
[BlackTitle "II+"]
[WhiteElo "1408"]
[BlackElo "1378"]

1. e4 e6 2. d4 d5 3. Nd2 Nf6 4. e5 Nfd7 5. Ngf3 c5 6. c3 Nc6 7. Be2 cxd4 8. cxd4
f6 9. exf6 Qxf6 10. Nb3 Bb4+ 11. Bd2 Bxd2+ 12. Qxd2 O-O 13. O-O h6 14. Rac1 Qf7
15. Bb5 Nb6 16. Nc5 Qg6 17. Kh1 Nd7 18. Bxc6 bxc6 19. Nxd7 Bxd7 20. Ne5 Qe8 21.
Rc3 Rc8 22. Rfc1 Rc7 23. Kg1 Qh5 24. Rh3 Qe8 25. b3 Rf5 26. Rhc3 Qe7 27. Rc5 Rc8
28. Qe3 Rf6 29. R1c2 Rcf8 30. f3 Rc8 31. b4 a6 32. Qd3 Rb8 33. a3 Rb5 34. Qd2
Be8 35. a4 Rb6 36. Rb2 Qb7 37. Rcc2 Rf8 38. Nd3 Bd7 39. Nc5 Qc7 40. a5 Rb5 41.
Nxa6 Qd6 42. Nc5 Rfb8 43. Rc1 Bc8 44. Re1 Qe7 45. f4 Qf7 46. Rb3 Qf5 47. g3 Qf8
48. Kg2 Qf6 49. Re5 Qe7 50. Qe1 Qf6 51. Qd2 Qf7 52. Re1 Qf5 53. Ra1 e5 54. fxe5
Rxc5 55. dxc5 Qe4+ 56. Kg1 Ba6 57. Re1 Qc4 58. Rf3 Rxb4 59. Qf2 Ra4 60. Rf8+ Kh7
61. Qf5+ 1-0

[Event "Mistrzostwa Polski Juniorow Mlodszych do lat 12 - OOM Zachodniopomorskie 2023"]
[Site "Darlowek"]
[Date "1899-12-30"]
[Round "9.8"]
[White "Wojciechowski, Szymon"]
[Black "Obrycki, Tomasz"]
[Result "0-1"]
[WhiteTitle "II+"]
[BlackTitle "I"]
[WhiteElo "1479"]
[BlackElo "1786"]

1. e4 c5 2. Nf3 e6 3. c3 Nf6 4. e5 Nd5 5. g3 Nc6 6. Bg2 d6 7. exd6 Bxd6 8. O-O
O-O 9. d4 cxd4 10. Nxd4 Nce7 11. Re1 a6 12. a3 Qc7 13. Nd2 e5 14. Nc2 Be6 15.
Ne4 Rad8 16. Qe2 f6 17. c4 Nb6 18. b3 Nd7 19. Nxd6 Qxd6 20. b4 Qc7 21. c5 Nb8
22. f4 Nbc6 23. Bb2 Bf5 24. Be4 Bxe4 25. Qxe4 exf4 26. Qc4+ Kh8 27. Qxf4 Qxf4
28. gxf4 Rd2 29. Rac1 Ng6 30. Bc3 Rd3 31. Re3 Rxe3 32. Nxe3 Nxf4 33. Rc2 Ne7 34.
Nc4 Ned5 35. Kf2 Re8 36. Nd6 Nd3+ 37. Kg1 Re7 38. Rd2 N5f4 39. Rc2 Re2 40. Rxe2
Nxe2+ 41. Kf1 Nxc3 42. Nxb7 Ne5 43. Ke1 Nb5 44. Na5 Nxa3 45. c6 Nb5 46. Kf2 Nd3+
47. Ke3 Nxb4 48. c7 Nxc7 0-1

[Event "Mistrzostwa Polski Juniorow Mlodszych do lat 12 - OOM Zachodniopomorskie 2023"]
[Site "Darlowek"]
[Date "1899-12-30"]
[Round "9.9"]
[White "Korszanski, Stanislaw"]
[Black "Boryna, Szymon"]
[Result "1-0"]
[WhiteTitle "I"]
[BlackTitle "II+"]
[WhiteElo "1622"]
[BlackElo "1478"]

1. e4 e6 2. d4 d5 3. Nc3 Nf6 4. Bg5 Bb4 5. exd5 exd5 6. Bd3 Be6 7. Qf3 Nbd7 8.
Nge2 h6 9. Bh4 c6 10. h3 a5 11. Nf4 O-O 12. O-O Qc7 13. Rfe1 Rae8 14. Re2 Bd6
15. Bg3 Re7 16. Rae1 Rfe8 17. a4 Nf8 18. Nd1 N8h7 19. Nxe6 Rxe6 20. Bxh7+ Nxh7
21. Rxe6 Rxe6 22. Rxe6 fxe6 23. Qe3 Ng5 24. h4 Ne4 25. Bxd6 Qxd6 26. Nc3 Nf6 27.
Ne2 Nd7 28. Ng3 b5 29. Qe1 b4 30. Qe2 e5 31. Qa6 Qc7 32. Nf5 Nf6 33. Qxc6 Qxc6
34. Ne7+ Kf7 35. Nxc6 exd4 36. Nxa5 Nd7 37. Nb3 Nb8 38. Kf1 d3 1-0

[Event "Mistrzostwa Polski Juniorow Mlodszych do lat 12 - OOM Zachodniopomorskie 2023"]
[Site "Darlowek"]
[Date "1899-12-30"]
[Round "9.10"]
[White "Lesik, Sebastian"]
[Black "Kaszuba, Michal"]
[Result "1/2-1/2"]
[WhiteTitle "II"]
[BlackTitle "II+"]
[WhiteElo "1358"]
[BlackElo "1527"]

1. d4 Nf6 2. c4 e6 3. Nc3 Bb4 4. Qc2 d6 5. a3 Bxc3+ 6. Qxc3 Nbd7 7. Nf3 b6 8. Bf4
Bb7 9. e3 Ne4 10. Qc2 g5 11. Bd3 f5 12. Bg3 h5 13. h3 h4 14. Bh2 Ndf6 15. Ng1
Nh5 16. Ne2 Qe7 17. f3 Nef6 18. O-O-O O-O-O 19. Rhf1 g4 20. Nf4 Nxf4 21. Bxf4
Rhg8 22. d5 gxh3 23. gxh3 exd5 24. Bxf5+ Kb8 25. cxd5 Nxd5 26. Qe4 Qxe4 27. fxe4
Ne7 28. Rg1 Nxf5 29. exf5 Bg2 30. f6 Bxh3 31. Rxg8 Rxg8 32. Rh1 Be6 33. Rxh4 Rg6
34. Rh6 Rxh6 35. Bxh6 Kc8 36. Kd2 Kd7 37. Kc3 Bf7 38. Bf8 Ke6 39. Be7 Kd5 40.
Bf8 c5 41. Bh6 Ke4 42. Kd2 d5 43. Bf8 a6 44. b4 c4 45. Bh6 Bg6 46. Kc3 b5 47.
Bg5 Kf5 48. Bh4 Kg4 49. f7 Bxf7 50. Bf6 Kf5 51. Bd4 Ke4 52. Kd2 Bg6 53. Kc3 Kf3
54. Kd2 Bd3 55. Bc3 Bh7 56. Bd4 Ke4 57. Bc3 Bg8 58. Bd4 Be6 59. Kc3 Bc8 60. Kd2
Kf3 61. Bc3 1/2-1/2

[Event "Mistrzostwa Polski Juniorow Mlodszych do lat 12 - OOM Zachodniopomorskie 2023"]
[Site "Darlowek"]
[Date "1899-12-30"]
[Round "9.11"]
[White "Mielcuch, Karol"]
[Black "Karaszewski, Gabriel"]
[Result "0-1"]
[WhiteTitle "II"]
[BlackTitle "I"]
[WhiteElo "1363"]
[BlackElo "1769"]

1. c4 Nf6 2. g3 e6 3. Bg2 d5 4. Nf3 d4 5. d3 c5 6. O-O Nc6 7. Bf4 Bd6 8. Bxd6 Qxd6
9. Nbd2 h6 10. Nb3 O-O 11. e3 e5 12. exd4 cxd4 13. Re1 Re8 14. Nfd2 Bf5 15. Ne4
Nxe4 16. Bxe4 Bxe4 17. Rxe4 f5 18. Re1 e4 19. dxe4 fxe4 20. Qd2 Ne5 21. Nxd4 Qxd4
22. Qxd4 Nf3+ 23. Kg2 Nxd4 24. Rad1 Rad8 25. b3 Kf7 26. Rc1 Nc6 27. Re3 Rd3 28.
Rce1 Rxe3 29. Rxe3 Kf6 30. f3 exf3+ 31. Rxf3+ Kg6 32. Rf2 Nd4 33. Kh3 Re2 34.
Rf4 Ne6 35. Rf1 Kg5 36. Rf7 Rxa2 37. Rxb7 a6 38. b4 Kf5 39. c5 Ng5+ 40. Kh4 Rxh2#
0-1

[Event "Mistrzostwa Polski Juniorow Mlodszych do lat 12 - OOM Zachodniopomorskie 2023"]
[Site "Darlowek"]
[Date "1899-12-30"]
[Round "9.12"]
[White "Dobrowolski, Kamil"]
[Black "Zalewski, Witold"]
[Result "1-0"]
[WhiteTitle "II"]
[BlackTitle "II"]
[WhiteElo "1532"]
[BlackElo "1292"]

1. e4 e6 2. Nf3 d5 3. Nc3 dxe4 4. Nxe4 Bd7 5. d4 Bc6 6. Bd3 Be7 7. O-O Bxe4 8.
Bxe4 c6 9. Re1 Nf6 10. Bd3 O-O 11. c3 Nbd7 12. Qc2 Qc7 13. Ne5 h6 14. Qe2 Nxe5
15. dxe5 Nd7 16. Qe4 g6 17. Bxh6 Nc5 18. Qe3 Nxd3 19. Qxd3 Rfd8 20. Qg3 Bf8 21.
Bxf8 Kxf8 22. Rad1 Rd5 23. Rxd5 cxd5 24. Qh4 Rd8 25. Re3 d4 26. Qh8+ Ke7 27. Qf6+
Ke8 28. Rh3 Qe7 29. Rh8+ Kd7 30. Rxd8+ Kxd8 31. Qxe7+ Kxe7 32. cxd4 1-0

[Event "Mistrzostwa Polski Juniorow Mlodszych do lat 12 - OOM Zachodniopomorskie 2023"]
[Site "Darlowek"]
[Date "1899-12-30"]
[Round "9.13"]
[White "Staniczek, Kacper"]
[Black "Goralski, Mateusz"]
[Result "1/2-1/2"]
[WhiteTitle "I"]
[BlackTitle "II"]
[WhiteElo "1464"]
[BlackElo "1341"]

1. e4 c5 2. Nf3 d6 3. d4 cxd4 4. Nxd4 Nf6 5. Nc3 a6 6. Be2 e5 7. Nb3 Be6 8. Bg5
Nbd7 9. O-O Be7 10. Re1 b5 11. Bxf6 Nxf6 12. Bf1 O-O 13. Qd2 Rc8 14. Rad1 b4 15.
Nd5 Nxd5 16. exd5 Bf5 17. Bd3 Bxd3 18. Qxd3 a5 19. Re2 a4 20. Nd2 Qc7 21. Nf1
f5 22. f3 Qc5+ 23. Kh1 Bg5 24. Ng3 g6 25. Qa6 Ra8 26. Qd3 h5 27. c4 bxc3 28. Rc2
Rac8 29. Ne2 Qc4 30. Qxc4 Rxc4 31. Rxc3 Rfc8 32. Rdd3 Kh7 33. Rxc4 Rxc4 34. Rc3
Rb4 1/2-1/2

[Event "Mistrzostwa Polski Juniorow Mlodszych do lat 12 - OOM Zachodniopomorskie 2023"]
[Site "Darlowek"]
[Date "1899-12-30"]
[Round "9.14"]
[White "Ladon, Tymoteusz"]
[Black "Zawal, Krzysztof"]
[Result "1-0"]
[WhiteTitle "II"]
[BlackTitle "I"]
[WhiteElo "1292"]
[BlackElo "1462"]

1. e4 c5 2. Nf3 Nc6 3. d4 cxd4 4. Nxd4 g6 5. Nc3 Bg7 6. Be3 Nf6 7. Bc4 O-O 8. Bb3
d6 9. h3 Bd7 10. O-O Nxd4 11. Bxd4 b5 12. a3 a5 13. Re1 Bc6 14. Nd5 Nd7 15. Bxg7
Kxg7 16. Qd4+ Kg8 17. Ne3 Nf6 18. Bd5 Rc8 19. Bxc6 Rxc6 20. c4 bxc4 21. Nxc4 Qc7
22. Ne3 Nd7 23. b4 axb4 24. axb4 Nb6 25. Ra6 Ra8 26. Nd5 Nxd5 27. Rxa8+ 1-0

[Event "Mistrzostwa Polski Juniorow Mlodszych do lat 12 - OOM Zachodniopomorskie 2023"]
[Site "Darlowek"]
[Date "1899-12-30"]
[Round "9.15"]
[White "Szymczyk, Jan"]
[Black "Morozov, Artem"]
[Result "1-0"]
[WhiteTitle "II"]
[BlackTitle "II+"]
[WhiteElo "1269"]
[BlackElo "1452"]

1. e4 e6 2. d4 d5 3. Nd2 dxe4 4. Nxe4 Nd7 5. Nf3 Ngf6 6. Nxf6+ Nxf6 7. Bd3 Be7
8. Qe2 O-O 9. Bg5 Bd7 10. O-O-O Nd5 11. h4 a5 12. g4 Nb4 13. a3 Nxd3+ 14. Qxd3
b5 15. Bxe7 Qxe7 16. g5 b4 17. Ne5 bxa3 18. bxa3 Rab8 19. Nxd7 Qxd7 20. Rhe1 Qd6
21. Re5 f6 22. gxf6 Rxf6 23. Qe3 Rbf8 24. Rxa5 Rxf2 25. d5 R2f3 26. Qxe6+ Qxe6
27. dxe6 Re3 28. Rd7 Rxe6 29. Rxc7 Re4 30. h5 h6 31. Rcc5 Rff4 32. Kb2 Rf3 33.
Rf5 Rxf5 34. Rxf5 Kh7 35. Kb3 Re6 36. a4 g6 37. Rf7+ Kg8 38. hxg6 Rxg6 39. Rf5
Rb6+ 40. Kc4 Rc6+ 41. Rc5 Rf6 42. a5 Kf7 43. Kb5 Ke7 44. Rc6 Rd6 45. Rxd6 Kxd6
46. Kb6 h5 47. a6 h4 48. a7 1-0

[Event "Mistrzostwa Polski Juniorow Mlodszych do lat 12 - OOM Zachodniopomorskie 2023"]
[Site "Darlowek"]
[Date "1899-12-30"]
[Round "9.16"]
[White "Rajbharath, Harjith"]
[Black "Misiek, Marcel"]
[Result "1-0"]
[WhiteTitle "II"]
[BlackTitle "II+"]
[WhiteElo "1477"]
[BlackElo "1350"]

1. d4 d5 2. Nf3 Nf6 3. c4 e6 4. Nc3 Bb4 5. Bd2 O-O 6. e3 c5 7. a3 Bxc3 8. Bxc3
Ne4 9. Bd3 Nxc3 10. bxc3 Nc6 11. O-O b6 12. cxd5 exd5 13. Qc2 f5 14. c4 cxd4 15.
cxd5 Na5 16. Nxd4 Qxd5 17. Rab1 Bb7 18. f3 Rac8 19. Qf2 Rc3 20. Rb5 Qd6 21. Bxf5
Nc6 22. Rd5 Qf6 23. Be6+ Kh8 24. Rf5 Qe7 25. Rxf8+ Qxf8 26. Nxc6 Bxc6 27. Rd1
Rxa3 28. Qh4 Be8 29. Rd8 Rxe3 30. Qb4 Re1+ 31. Kf2 Rf1+ 32. Kg3 Rxf3+ 33. gxf3
Qxf3+ 34. Kxf3 a5 35. Qf8# 1-0

[Event "Mistrzostwa Polski Juniorow Mlodszych do lat 12 - OOM Zachodniopomorskie 2023"]
[Site "Darlowek"]
[Date "1899-12-30"]
[Round "9.17"]
[White "Rutkowski, Feliks"]
[Black "Reterski, Wiktor"]
[Result "1-0"]
[WhiteTitle "II"]
[BlackTitle "II"]
[WhiteElo "1413"]
[BlackElo "1247"]

1. c4 e5 2. e3 d6 3. a3 f5 4. d4 Bd7 5. Nc3 g6 6. Nge2 Bg7 7. h4 Nf6 8. d5 O-O
9. Qc2 a5 10. b3 Qe7 11. Bb2 Na6 12. O-O-O Nc5 13. a4 f4 14. e4 Ng4 15. Ng1 Nxb3+
16. Qxb3 Nxf2 17. Rh2 Nxd1 18. Qxd1 h6 19. Be2 Bf6 20. h5 g5 21. Bg4 Bxg4 22.
Qxg4 Rad8 23. Nh3 Bg7 24. Nf2 Rde8 25. Rh3 c6 26. Ba3 Rc8 27. Qe6+ Qxe6 28. dxe6
Rfe8 29. Bxd6 Rxe6 30. c5 b6 31. Rd3 bxc5 32. Bxc5 Bf8 33. Bxf8 Kxf8 34. Rd7 Ke8
35. Rh7 Rd8 36. Ng4 Rd3 37. Nd1 Red6 38. Ndf2 c5 39. Nxd3 1-0

[Event "Mistrzostwa Polski Juniorow Mlodszych do lat 12 - OOM Zachodniopomorskie 2023"]
[Site "Darlowek"]
[Date "1899-12-30"]
[Round "9.18"]
[White "Mroczkowski, Adam"]
[Black "Madejski, Milosz"]
[Result "1-0"]
[WhiteTitle "II"]
[BlackTitle "II"]
[WhiteElo "1402"]
[BlackElo "1236"]

1. e4 c6 2. d4 d5 3. exd5 cxd5 4. c4 Nf6 5. Nc3 Nc6 6. Nf3 g6 7. Bd3 Bg7 8. O-O
O-O 9. h3 Nb4 10. Be2 Nc6 11. Bg5 Ne4 12. Bf4 Nxc3 13. bxc3 e6 14. Rb1 dxc4 15.
Bxc4 b6 16. Re1 Bb7 17. Ng5 Re8 18. d5 Ne5 19. dxe6 Qxd1 20. exf7+ Nxf7 21. Bxf7+
Kf8 22. Rbxd1 Rxe1+ 23. Rxe1 Rd8 24. Bd6+ Rxd6 25. Re8# 1-0

[Event "Mistrzostwa Polski Juniorow Mlodszych do lat 12 - OOM Zachodniopomorskie 2023"]
[Site "Darlowek"]
[Date "1899-12-30"]
[Round "9.19"]
[White "Seemann, Adam"]
[Black "Czeremcha, Piotr"]
[Result "1/2-1/2"]
[WhiteTitle "II"]
[BlackTitle "II"]
[WhiteElo "1381"]
[BlackElo "1382"]

1. e4 c6 2. d4 d5 3. Nc3 dxe4 4. Nxe4 Nf6 5. Nxf6+ exf6 6. Bc4 Bd6 7. Qe2+ Be7
8. Nf3 O-O 9. O-O Bg4 10. c3 c5 11. dxc5 Nc6 12. Qe4 Bxf3 13. Qxf3 Bxc5 14. Bb3
Qc7 15. Bf4 Bd6 16. Bxd6 Qxd6 17. Qd5 Qc7 18. Qf5 Ne7 19. Qf3 Qb6 20. Rfe1 Ng6
21. Rad1 Ne5 22. Qe3 Qc7 23. Qe4 Rad8 24. Qf5 Rxd1 25. Rxd1 Rd8 26. h3 Rxd1+ 27.
Bxd1 Qd8 28. Qc2 g6 29. Be2 Qd6 30. Qd1 Qc7 1/2-1/2

[Event "Mistrzostwa Polski Juniorow Mlodszych do lat 12 - OOM Zachodniopomorskie 2023"]
[Site "Darlowek"]
[Date "1899-12-30"]
[Round "9.20"]
[White "Jasiulewicz, Kamil"]
[Black "Golab, Antoni"]
[Result "0-1"]
[WhiteTitle "II"]
[BlackTitle "II"]
[WhiteElo "1486"]
[BlackElo "1215"]

1. d4 Nf6 2. Nf3 e6 3. g3 d5 4. Bg2 Be7 5. O-O O-O 6. b3 Nbd7 7. Bb2 c5 8. e3 Qc7
9. dxc5 Bxc5 10. Nbd2 b6 11. c4 Ba6 12. Qc2 Rac8 13. Rfc1 Bd6 14. Qd1 Qb8 15.
cxd5 Nxd5 16. Ne4 Be7 17. Rxc8 Rxc8 18. Rc1 Rxc1 19. Qxc1 Nc5 20. Nxc5 Bxc5 21.
e4 Nf6 22. Bxf6 gxf6 23. e5 Qd8 24. h3 Bb7 25. Qf4 Bxf3 26. Bxf3 fxe5 27. Qxe5
Qd4 28. Qe2 Qg7 29. Qd2 Qxg3+ 30. Bg2 Qg7 31. b4 Be7 32. Kh2 Qe5+ 33. Kg1 Bd6
34. Kf1 Qb5+ 35. Kg1 Bxb4 36. Qf4 Be7 37. Qb8+ Kg7 38. Qxa7 Qb1+ 39. Bf1 Bc5 40.
Qa4 Qb2 41. Qg4+ Kf8 42. Qf4 Qg7+ 43. Bg2 e5 44. Qf5 Kg8 45. Qc8+ Bf8 46. Qc6
Qg6 47. Qb5 Qf6 48. Qb4 Bxb4 49. Bf1 0-1

[Event "Mistrzostwa Polski Juniorow Mlodszych do lat 12 - OOM Zachodniopomorskie 2023"]
[Site "Darlowek"]
[Date "1899-12-30"]
[Round "9.21"]
[White "Hlubek, Tymoteusz"]
[Black "Kisiel, Wiktor"]
[Result "0-1"]
[WhiteTitle "II+"]
[BlackTitle "II"]
[WhiteElo "1203"]
[BlackElo "1458"]

1. f4 d5 2. Nf3 g6 3. e3 Bg7 4. d4 Nf6 5. Bd3 O-O 6. O-O c5 7. c3 b6 8. Qe2 Bb7
9. Nbd2 Ne4 10. Ne5 Nd7 11. Nxe4 dxe4 12. Bc4 Qc7 13. b3 a6 14. Qd2 b5 15. Be2
e6 16. Ba3 Rfd8 17. Qe1 b4 18. cxb4 cxd4 19. Rc1 Qb6 20. Nc4 Qa7 21. g4 d3 22.
Bd1 Nb6 23. Qd2 Nd5 24. Kh1 Bd4 25. Rb1 Nxe3 26. Nxe3 Bxe3 27. Qg2 Bd4 28. f5
e5 29. f6 e3 30. Bf3 e4 31. Bxe4 Bxe4 32. Qxe4 e2 33. Rfe1 Bf2 34. Kg2 Bxe1 35.
Rxe1 d2 36. Qxe2 dxe1=N+ 37. Qxe1 Qb7+ 38. Kh3 Rd3+ 39. Kh4 g5+ 40. Kxg5 Qd5+
41. Kf4 Rf3# 0-1

[Event "Mistrzostwa Polski Juniorow Mlodszych do lat 12 - OOM Zachodniopomorskie 2023"]
[Site "Darlowek"]
[Date "1899-12-30"]
[Round "9.22"]
[White "Wons, Krystian"]
[Black "Marcinkowski, Adam"]
[Result "0-1"]
[WhiteTitle "I"]
[BlackTitle "II"]
[WhiteElo "1422"]
[BlackElo "1363"]

1. d4 Nf6 2. Nf3 e6 3. g3 d5 4. Bg2 c5 5. c4 dxc4 6. dxc5 Qxd1+ 7. Kxd1 Bxc5 8.
e3 Nc6 9. Nbd2 O-O 10. Nxc4 Nd5 11. a3 Rd8 12. Bd2 a5 13. Ke2 b6 14. Nfe5 Bb7
15. Nd3 Ba6 16. Rac1 Rac8 17. Nxc5 bxc5 18. f4 Nb6 19. b3 a4 20. Ke1 Nxc4 21.
bxc4 Rd3 22. Rc3 Rxc3 23. Bxc3 Bxc4 24. Kf2 Ne7 25. Rd1 Nd5 26. Be5 Bb3 27. Rc1
Rc6 28. e4 Nb6 29. Bf1 Nd7 30. Bb5 Nxe5 31. Bxc6 Nd3+ 32. Ke2 Nxc1+ 33. Kd2 Na2
34. e5 c4 0-1

[Event "Mistrzostwa Polski Juniorow Mlodszych do lat 12 - OOM Zachodniopomorskie 2023"]
[Site "Darlowek"]
[Date "1899-12-30"]
[Round "9.23"]
[White "Ches, Krzysztof"]
[Black "Iwan, Patryk"]
[Result "1/2-1/2"]
[WhiteTitle "II"]
[BlackTitle "II"]
[WhiteElo "1346"]
[BlackElo "1297"]

1. e4 c5 2. Nf3 Nc6 3. d4 cxd4 4. Nxd4 g6 5. Nc3 Bg7 6. Be3 Nf6 7. Bc4 O-O 8. Bb3
Re8 9. f3 d5 10. exd5 Nb4 11. O-O Nbxd5 12. Nxd5 Nxd5 13. Bf2 a6 14. c3 e5 15.
Nc2 Be6 16. Bxd5 Bxd5 17. Ne3 Be6 18. Qc2 Qc7 19. Rad1 Qa5 20. a3 Rad8 21. Qe4
Qc7 22. Nd5 Bxd5 23. Rxd5 Rxd5 24. Qxd5 Rd8 25. Qb3 Qd7 26. Bb6 Qd5 27. Qxd5 Rxd5
28. Be3 h5 29. Kf2 Kf8 30. Ke2 Ke7 31. c4 Rd7 32. b3 f5 33. Bc5+ Kf6 34. Rd1 Rxd1
35. Kxd1 f4 1/2-1/2

[Event "Mistrzostwa Polski Juniorow Mlodszych do lat 12 - OOM Zachodniopomorskie 2023"]
[Site "Darlowek"]
[Date "1899-12-30"]
[Round "9.24"]
[White "Kucinski, Jan"]
[Black "Wasiluk, Dominik"]
[Result "1-0"]
[WhiteTitle "II"]
[BlackTitle "II+"]
[WhiteElo "1116"]
[BlackElo "1335"]

1. e4 e5 2. Nf3 Nc6 3. Bb5 Nf6 4. O-O Bc5 5. d3 Nd4 6. Nxd4 Bxd4 7. c3 Bb6 8. Bg5
c6 9. Ba4 h6 10. Bh4 O-O 11. Qf3 d6 12. Bxf6 Qxf6 13. Qxf6 gxf6 14. Nd2 f5 15.
Bb3 fxe4 16. Nxe4 d5 17. Nd6 Be6 18. c4 Rfd8 19. c5 Bc7 20. Nxb7 Rdb8 21. Nd6
Bxd6 22. cxd6 Rd8 23. Rac1 Rxd6 24. Rfe1 f6 25. Kf1 a5 26. Ba4 Ra6 27. Rc5 Bf5
28. Ke2 Rb6 29. b3 Ra6 30. Rec1 Bd7 31. h3 Kf7 32. Ke3 h5 33. h4 Kg6 34. f3 d4+
35. Kf2 Kf5 36. R1c2 Be8 37. Rc1 Ke6 38. R1c2 f5 39. Re2 Rd5 40. Rcc2 Bg6 41.
Bxc6 Rd6 42. Bb5 Rab6 43. Bc4+ Kf6 44. Rcd2 Rb4 45. Rd1 Rb7 46. Red2 Rbd7 47.
Rc1 Rc7 48. Rg1 Rh7 49. Rc2 Rc6 50. Rgc1 Rhc7 51. Ke2 Re7 52. Bd5 Rxc2+ 53. Rxc2
e4 54. f4 e3 55. Rc6+ Kg7 56. Ra6 Rc7 57. Bc4 Bf7 58. Rd6 Bxc4 59. dxc4 a4 60.
Rxd4 Re7 61. Rd3 Re4 62. g3 axb3 63. axb3 1-0

[Event "Mistrzostwa Polski Juniorow Mlodszych do lat 12 - OOM Zachodniopomorskie 2023"]
[Site "Darlowek"]
[Date "1899-12-30"]
[Round "9.25"]
[White "Rabenda, Grzegorz"]
[Black "Chmiel, Krzysztof"]
[Result "1/2-1/2"]
[WhiteTitle "II"]
[BlackTitle "II"]
[WhiteElo "1322"]
[BlackElo "1283"]

1. e4 e5 2. Bc4 Nf6 3. d3 Nc6 4. Nf3 Bc5 5. c3 h6 6. Nbd2 d6 7. Bb3 O-O 8. O-O
Be6 9. Re1 Bxb3 10. axb3 a6 11. Nf1 Kh8 12. Ng3 Bb6 13. Nh4 Ng8 14. Nhf5 Nce7
15. Qg4 Nxf5 16. Nxf5 Qf6 17. Be3 Bxe3 18. Rxe3 Ne7 19. Nxe7 Qxe7 20. Rg3 f6 21.
Rd1 Rf7 22. Qf5 Raf8 23. Rf1 Qd7 24. Qxd7 Rxd7 25. f4 Rdf7 26. fxe5 fxe5 27. Rxf7
Rxf7 28. Rf3 Rxf3 29. gxf3 Kh7 30. Kf2 Kg6 31. Kg3 Kg5 32. d4 exd4 33. cxd4 c5
34. dxc5 dxc5 35. f4+ Kf6 36. e5+ Kf5 37. h4 g5 38. fxg5 hxg5 39. h5 Kxe5 40.
h6 Kf6 41. h7 Kg7 42. Kg4 b5 43. Kxg5 c4 44. bxc4 bxc4 45. Kf4 Kxh7 46. Ke4 c3
47. bxc3 Kg7 48. Kd5 Kf7 49. Kc6 Ke6 50. c4 a5 51. Kb6 a4 52. c5 a3 53. c6 a2
54. c7 Kd7 55. Kb7 a1=Q 56. c8=Q+ Ke7 57. Qc7+ Kf6 58. Qd8+ Kg7 59. Qg5+ Kf8 60.
Qd8+ Kg7 61. Qe7+ Kh8 62. Qf8+ Kh7 63. Qf5+ Kg8 64. Qd5+ Kh7 65. Qf7+ Qg7 66.
Qxg7+ Kxg7 1/2-1/2

[Event "Mistrzostwa Polski Juniorow Mlodszych do lat 12 - OOM Zachodniopomorskie 2023"]
[Site "Darlowek"]
[Date "1899-12-30"]
[Round "9.26"]
[White "Lewek, Jakub"]
[Black "Boguszewski, Kacper"]
[Result "1/2-1/2"]
[WhiteTitle "I"]
[BlackTitle "II"]
[WhiteElo "1337"]
[BlackElo "1275"]

1. e4 c5 2. Nf3 d6 3. d4 cxd4 4. Nxd4 Nf6 5. Nc3 a6 6. a4 e5 7. Nb3 Be6 8. f4 Be7
9. f5 Bxb3 10. cxb3 Qb6 11. g4 Nc6 12. g5 Nd7 13. Nd5 Qd8 14. h4 Nb6 15. Bc4 Nxd5
16. Bxd5 Qb6 17. f6 gxf6 18. gxf6 Bd8 19. Bxf7+ Kxf7 20. Qh5+ Ke6 21. Qf5+ Kf7
22. Qd7+ Be7 23. fxe7 Qb4+ 24. Bd2 Qxe4+ 25. Kf2 Qd4+ 26. Be3 Qxb2+ 27. Kf3 e4+
28. Kg3 Qe5+ 29. Kg2 Rhg8+ 30. Bg5 Qb2+ 31. Kh3 Qxb3+ 32. Kh2 Qc2+ 33. Kh3 Qd3+
34. Kh2 Qc2+ 35. Kh3 Qc3+ 36. Kg2 Rae8 37. Raf1+ Kg7 38. Bf6+ Kh6+ 39. Bg5+ Kh5
40. Rh3 Qc2+ 1/2-1/2